[Event "Muensterland Verbandsliga Gr2 2223"]
[Site "Germany"]
[Date "2022.11.12"]
[Round "3.5"]
[White "Woltering, Martin"]
[Black "Richters, Alfred"]
[Result "0-1"]
[WhiteElo "1765"]
[BlackElo "1854"]
[PlyCount "62"]
[EventDate "2022.09.10"]
[EventType "team-tourn"]
[EventRounds "5"]
[EventCountry "GER"]
[SourceTitle "EXT 2024"]
[Source "ChessBase"]
[SourceDate "2023.10.10"]
[SourceVersion "1"]
[SourceVersionDate "2023.10.10"]
[SourceQuality "1"]
[WhiteTeam "Ahaus Wessum"]
[BlackTeam "Suedlohn II"]
[WhiteTeamCountry "GER"]
[BlackTeamCountry "GER"]

1. e4 e6 2. d4 d5 3. e5 c5 4. c3 Qb6 5. Nf3 Nc6 6. Bd3 cxd4 7. cxd4 Bd7 8. 0-0 Nxd4 9. Nxd4 Qxd4 10. Nc3 a6 11. Qe2 Ne7 12. Kh1 Nc6 13. f4 Bc5 14. a3 Ba7 15. Bd2 Qb6 16. f5 0-0-0 17. Rac1 Kb8 18. b4 Nd4 19. Qd1 Nb5 20. Bxb5 Bxb5 21. Nxb5 axb5 22. Qe2 Rc8 23. fxe6 Rxc1 24. Bxc1 fxe6 25. Bd2 Rc8 26. Be1 Qc7 27. Qxb5 Qc4 28. Qxc4 dxc4 29. Bf2 Bxf2 30. Rxf2 Rd8 31. g3 c3 0-1

[Event "Muensterland Verbandsliga Gr2 2223"]
[Site "Germany"]
[Date "2022.10.22"]
[Round "2.3"]
[White "Richters, Alfred"]
[Black "Pinno, Gregor"]
[Result "1/2-1/2"]
[WhiteElo "1854"]
[BlackElo "1917"]
[PlyCount "85"]
[EventDate "2022.09.10"]
[EventType "team-tourn"]
[EventRounds "5"]
[EventCountry "GER"]
[SourceTitle "EXT 2024"]
[Source "ChessBase"]
[SourceDate "2023.10.10"]
[SourceVersion "1"]
[SourceVersionDate "2023.10.10"]
[SourceQuality "1"]
[WhiteTeam "Suedlohn II"]
[BlackTeam "Olfen"]
[WhiteTeamCountry "GER"]
[BlackTeamCountry "GER"]

1. d4 Nf6 2. Nc3 c5 3. dxc5 e6 4. e4 Qa5 5. Bd2 Qxc5 6. a3 a6 7. Bd3 Be7 8. Nge2 d6 9. Ng3 0-0 10. 0-0 Qc7 11. f4 h5 12. Kh1 h4 13. Nh5 Nbd7 14. Nxf6+ Nxf6 15. Qe2 e5 16. f5 b5 17. Bg5 Bb7 18. Qd2 Nh7 19. Be3 Rfd8 20. Qf2 Qd7 21. Nd5 Bxd5 22. exd5 Nf6 23. c4 Ng4 24. Qf3 Nxe3 25. Qxe3 bxc4 26. Bxc4 Rdc8 27. b3 Qd8 28. Qe4 Bg5 29. Rad1 Bf4 30. Rf3 Qf6 31. Rh3 Kf8 32. Rf1 a5 33. a4 Rc5 34. g3 Bh6 35. Qxh4 Qxh4 36. Rxh4 f6 37. Re4 Kf7 38. Rd1 Rh8 39. Kg2 Ke7 40. Kf3 Bg5 41. h4 Bh6 42. Ke2 Rb8 43. Ra1 1/2-1/2

[Event "Muensterland Verbandsliga Gr2 2223"]
[Site "Germany"]
[Date "2022.09.10"]
[Round "1.4"]
[White "Richters, Alfred"]
[Black "Niewerth, Gerd"]
[Result "1/2-1/2"]
[WhiteElo "1854"]
[BlackElo "1804"]
[PlyCount "133"]
[EventDate "2022.09.10"]
[EventType "team-tourn"]
[EventRounds "5"]
[EventCountry "GER"]
[SourceTitle "EXT 2024"]
[Source "ChessBase"]
[SourceDate "2023.10.10"]
[SourceVersion "1"]
[SourceVersionDate "2023.10.10"]
[SourceQuality "1"]
[WhiteTeam "Suedlohn II"]
[BlackTeam "Heiden"]
[WhiteTeamCountry "GER"]
[BlackTeamCountry "GER"]

1. d4 Nf6 2. Nc3 d5 3. Bg5 e6 4. e4 dxe4 5. Nxe4 Be7 6. Bxf6 Bxf6 7. Nf3 Nd7 8. Bd3 Be7 9. Qe2 Nf6 10. 0-0-0 c6 11. Kb1 Qc7 12. Ne5 Nxe4 13. Bxe4 Bf6 14. f4 Bxe5 15. dxe5 Bd7 16. Rd6 0-0-0 17. Rhd1 h6 18. c4 Rhe8 19. c5 Re7 20. R1d3 Rde8 21. Qd1 Rd8 22. Qa4 Kb8 23. Ra3 a6 24. Rad3 Rde8 25. Rb3 Ka7 26. Rbd3 Bc8 27. Qd1 Qa5 28. Qg1 Qb4 29. Qe3 Qa5 30. Ra3 Qc7 31. Rad3 Qa5 32. h4 Qc7 33. Qd2 g6 34. b4 h5 35. Bf3 Kb8 36. g3 Ka7 37. Qd1 Kb8 38. Be4 Ka7 39. a3 Kb8 40. R3d4 Ka7 41. Qd2 Kb8 42. a4 Ka7 43. Qd3 Kb8 44. Qc3 Bd7 45. Qd2 Bc8 46. Bf3 Rf8 47. Be4 Rfe8 48. Bd3 Rf8 49. Qc3 Bd7 50. Be4 Rc8 51. Rd2 Be8 52. Qd4 Ka7 53. Rd3 Kb8 54. Bf3 Ka7 55. g4 hxg4 56. Bxg4 Kb8 57. h5 gxh5 58. Bxh5 Ka8 59. Bg4 Ka7 60. f5 exf5 61. Bxf5 Rb8 62. a5 Ra8 63. Rh3 Rb8 64. Rhh6 Ra8 65. Rhf6 Rb8 66. Bg4 Ra8 67. Rf2 1/2-1/2

[Event "Muensterland Verbandsliga 2122"]
[Site "Germany"]
[Date "2021.11.13"]
[Round "2.6"]
[White "Brettner, Simeon"]
[Black "Richters, Alfred"]
[Result "0-1"]
[WhiteElo "1767"]
[BlackElo "1823"]
[PlyCount "142"]
[EventDate "2021.10.02"]
[EventType "team-tourn"]
[EventRounds "2"]
[EventCountry "GER"]
[SourceTitle "EXT 2023"]
[Source "ChessBase"]
[SourceDate "2022.10.05"]
[SourceVersion "1"]
[SourceVersionDate "2022.10.05"]
[SourceQuality "1"]
[WhiteTeam "Telgte"]
[BlackTeam "Suedlohn II"]
[WhiteTeamCountry "GER"]
[BlackTeamCountry "GER"]

1. e4 e6 2. d4 d5 3. Nd2 Nf6 4. e5 Nfd7 5. f4 c5 6. Ndf3 cxd4 7. Nxd4 a6 8. Ngf3 Nc6 9. g3 Nxd4 10. Nxd4 g6 11. c3 Qb6 12. a3 Bg7 13. b4 0-0 14. c4 dxc4 15. Bxc4 Rd8 16. Rf1 Nxe5 17. fxe5 Qxd4 18. Bb2 Qxd1+ 19. Rxd1 Rxd1+ 20. Kxd1 b5 21. Bb3 Bb7 22. Ke2 Rd8 23. Rc1 Rd7 24. Ke3 Bh6+ 25. Ke2 Bxc1 26. Bxc1 Bd5 27. Bc2 Rc7 28. Kd2 Kg7 29. Bb2 g5 30. Bd4 Bc6 31. Ke3 Rd7 32. Bc3 h6 33. Bd4 Rd8 34. Bb6 Rd7 35. Bd4 Bd5 36. Bd3 Rc7 37. Bb2 Bc6 38. Bd4 Bd5 39. Bb2 Rc6 40. Bb1 Rc8 41. Bd3 Bc6 42. Bd4 h5 43. Bb2 g4 44. Bd4 Rh8 45. Kf4 Kh6 46. Bc3 Rd8 47. Bc2 Bf3 48. Ke3 Kg5 49. Be1 Rd5 50. Bc3 h4 51. Bb3 Rd8 52. Be1 hxg3 53. Bxg3 Rc8 54. Kd2 Be4 55. Bd1 Rd8+ 56. Kc1 Rd3 57. a4 bxa4 58. Bxa4 Rd4 59. Be8 Bg6 60. b5 axb5 61. Bxb5 Rd5 62. Ba4 Be4 63. Be8 Bg6 64. Ba4 Rd4 65. Bb3 Rd3 66. Ba4 Rxg3 67. hxg3 Kf5 68. Bc2+ Kxe5 69. Bxg6 fxg6 70. Kd1 Ke4 71. Ke2 e5 0-1

[Event "Muensterland Verbandsklasse 1819"]
[Site "Germany"]
[Date "2018.11.17"]
[Round "3.3"]
[White "Richters, Alfred"]
[Black "Kellmann, Dominik"]
[Result "1/2-1/2"]
[WhiteElo "1839"]
[BlackElo "1777"]
[PlyCount "37"]
[EventDate "2018.09.15"]
[EventType "team-tourn"]
[EventRounds "9"]
[EventCountry "GER"]
[SourceTitle "EXT 2020"]
[Source "ChessBase"]
[SourceDate "2019.10.17"]
[SourceVersion "1"]
[SourceVersionDate "2019.10.17"]
[SourceQuality "1"]
[WhiteTeam "Suedlohn II"]
[BlackTeam "Ibbenbueren"]
[WhiteTeamCountry "GER"]
[BlackTeamCountry "GER"]

1. d4 Nf6 2. Nc3 d5 3. Bg5 h6 4. Bh4 Bf5 5. f3 g5 6. Bf2 Nc6 7. a3 Qd7 8. e3 Bg7 9. Nge2 e5 10. Ng3 0-0-0 11. Qd2 exd4 12. exd4 Rde8+ 13. Be2 g4 14. 0-0-0 a6 15. Nxf5 Qxf5 16. Bd3 Qh5 17. Qf4 gxf3 18. gxf3 Qg5 19. Bf5+ 1/2-1/2

[Event "Muensterland Verbandsklasse 1819"]
[Site "Germany"]
[Date "2018.10.06"]
[Round "2.3"]
[White "Van Dijk, Guido"]
[Black "Richters, Alfred"]
[Result "1/2-1/2"]
[WhiteElo "1789"]
[BlackElo "1839"]
[PlyCount "66"]
[EventDate "2018.09.15"]
[EventType "team-tourn"]
[EventRounds "9"]
[EventCountry "GER"]
[SourceTitle "EXT 2020"]
[Source "ChessBase"]
[SourceDate "2019.10.17"]
[SourceVersion "1"]
[SourceVersionDate "2019.10.17"]
[SourceQuality "1"]
[WhiteTeam "Rheine Klein Berlin II"]
[BlackTeam "Suedlohn II"]
[WhiteTeamCountry "GER"]
[BlackTeamCountry "GER"]

1. d4 e6 2. c4 f5 3. Nc3 Nf6 4. Nf3 Be7 5. h3 d6 6. Nd2 e5 7. d5 a5 8. e4 0-0 9. Bd3 f4 10. b3 Na6 11. Na4 Bd7 12. Ba3 b6 13. Nc3 Be8 14. Be2 Qc8 15. Bg4 Bd7 16. f3 h5 17. Bxd7 Nxd7 18. Na4 Bh4+ 19. Ke2 Qb7 20. Nc3 Ndc5 21. Ndb1 Qc8 22. Bxc5 Nxc5 23. Na4 Nxa4 24. bxa4 Rf6 25. Nc3 Rg6 26. Rg1 Bg3 27. Kf1 Qd7 28. Rb1 Qe7 29. Ne2 Bh4 30. Rb2 Rf8 31. Qb3 Kh8 32. Rh1 Rf7 33. Qb5 Rgf6 1/2-1/2

[Event "Muensterland Verbandsklasse 1718"]
[Site "Germany"]
[Date "2018.02.17"]
[Round "6.4"]
[White "Fehlings, Gerd"]
[Black "Richters, Alfred"]
[Result "1-0"]
[WhiteElo "1754"]
[BlackElo "1873"]
[PlyCount "97"]
[EventDate "2017.09.16"]
[EventType "team-tourn"]
[EventRounds "9"]
[EventCountry "GER"]
[SourceTitle "EXT 2019"]
[Source "ChessBase"]
[SourceDate "2018.10.10"]
[SourceVersion "1"]
[SourceVersionDate "2018.10.10"]
[SourceQuality "1"]
[WhiteTeam "Emsdetten Rochade III"]
[BlackTeam "Suedlohn II"]
[WhiteTeamCountry "GER"]
[BlackTeamCountry "GER"]

1. d4 e6 2. Nf3 f5 3. c4 Nf6 4. g3 Be7 5. Bg2 0-0 6. 0-0 d6 7. b3 Qe8 8. Nc3 Nbd7 9. Bb2 Qh5 10. Qc2 Ng4 11. h3 Nh6 12. e4 f4 13. e5 fxg3 14. fxg3 dxe5 15. Nb5 Bd8 16. Nxe5 Rxf1+ 17. Rxf1 Nxe5 18. dxe5 Qe8 19. Ba3 Nf5 20. g4 a6 21. Nxc7 Bxc7 22. gxf5 exf5 23. Bd5+ Be6 24. Bxe6+ Qxe6 25. Qxf5 Qxf5 26. Rxf5 g6 27. Rg5 Re8 28. Bd6 Bd8 29. Rg4 Kf7 30. c5 Ke6 31. Rb4 Bg5 32. Rxb7 Be3+ 33. Kg2 Kd5 34. Rxh7 Bxc5 35. Rg7 Bxd6 36. exd6 Re6 37. d7 Rd6 38. Kf3 Ke5 39. Rxg6 Rxd7 40. Rxa6 Rh7 41. Kg3 Rg7+ 42. Kf2 Rh7 43. Kg2 Rg7+ 44. Kh2 Kf4 45. Ra4+ Kf3 46. Rg4 Rc7 47. Rg3+ Kf4 48. Rg2 Kf3 49. Rb2 1-0

[Event "Muensterland Verbandsliga 1617"]
[Site "Germany"]
[Date "2017.05.06"]
[Round "9.2"]
[White "Richters, Alfred"]
[Black "Jansen, Dirk Norbert"]
[Result "1/2-1/2"]
[WhiteElo "1885"]
[BlackElo "1931"]
[PlyCount "47"]
[EventDate "2016.09.10"]
[EventType "team"]
[EventRounds "9"]
[EventCountry "GER"]
[SourceTitle "EXT 2018"]
[Source "ChessBase"]
[SourceDate "2017.10.13"]
[SourceVersion "1"]
[SourceVersionDate "2017.10.13"]
[SourceQuality "1"]
[WhiteTeam "Suedlohn II"]
[BlackTeam "Muenster SK IV"]
[WhiteTeamCountry "GER"]
[BlackTeamCountry "GER"]

1. d4 e6 2. e4 d5 3. Nc3 Bb4 4. e5 Ne7 5. a3 Bxc3+ 6. bxc3 c5 7. Qg4 0-0 8. Bd3 f5 9. exf6 Rxf6 10. Bg5 Rf7 11. Qh4 h6 12. Bd2 Nbc6 13. Nf3 c4 14. Be2 Bd7 15. g4 Ng6 16. Qg3 Qb8 17. g5 Qxg3 18. hxg3 Raf8 19. Nh4 Nxh4 20. Rxh4 hxg5 21. Rh2 e5 22. dxe5 Nxe5 23. Bxg5 Bg4 24. f4 1/2-1/2

[Event "Muensterland Regionalliga 1617"]
[Site "Germany"]
[Date "2017.02.04"]
[Round "6.8"]
[White "Van Dijk, Guido"]
[Black "Richters, Alfred"]
[Result "1/2-1/2"]
[WhiteElo "1712"]
[BlackElo "1879"]
[PlyCount "34"]
[EventDate "2016.09.17"]
[EventType "team"]
[EventRounds "9"]
[EventCountry "GER"]
[SourceTitle "EXT 2018"]
[Source "ChessBase"]
[SourceDate "2017.10.13"]
[SourceVersion "1"]
[SourceVersionDate "2017.10.13"]
[SourceQuality "1"]
[WhiteTeam "Rheine Klein Berlin"]
[BlackTeam "Suedlohn"]
[WhiteTeamCountry "GER"]
[BlackTeamCountry "GER"]

1. d4 e6 2. e4 d5 3. exd5 exd5 4. Bd3 Bd6 5. Nf3 Nc6 6. c3 Nge7 7. h3 h6 8. Qc2 Be6 9. Nbd2 Qd7 10. Nb3 0-0-0 11. Bd2 Bf5 12. 0-0-0 Bxd3 13. Qxd3 Ng6 14. g3 Rhe8 15. Rde1 Rxe1+ 16. Nxe1 Re8 17. Ng2 Nce7 1/2-1/2

[Event "Muensterland Verbandsliga 1617"]
[Site "Germany"]
[Date "2016.12.17"]
[Round "5.2"]
[White "Richters, Alfred"]
[Black "Berger, Alfred Josef"]
[Result "0-1"]
[WhiteElo "1885"]
[BlackElo "1980"]
[PlyCount "124"]
[EventDate "2016.09.10"]
[EventType "team"]
[EventRounds "9"]
[EventCountry "GER"]
[SourceTitle "EXT 2018"]
[Source "ChessBase"]
[SourceDate "2017.10.13"]
[SourceVersion "1"]
[SourceVersionDate "2017.10.13"]
[SourceQuality "1"]
[WhiteTeam "Suedlohn II"]
[BlackTeam "Heiden"]
[WhiteTeamCountry "GER"]
[BlackTeamCountry "GER"]

1. d4 Nf6 2. Nc3 d5 3. Bg5 h6 4. Bh4 e6 5. Nf3 Bb4 6. a3 Bxc3+ 7. bxc3 c5 8. e3 Qa5 9. Bxf6 Qxc3+ 10. Nd2 gxf6 11. dxc5 Nc6 12. Bb5 Rg8 13. 0-0 e5 14. Kh1 Qxc5 15. c4 Be6 16. Nb3 Qd6 17. e4 d4 18. Na5 Qc7 19. Qa4 Bd7 20. Bxc6 Bxc6 21. Nxc6 Qxc6 22. Qxc6+ bxc6 23. Rab1 0-0-0 24. f4 Rd7 25. fxe5 fxe5 26. h3 Rg3 27. Rf6 Rg6 28. Rf3 d3 29. Rd1 d2 30. c5 Rg8 31. Kg1 Kb7 32. Kf1 Ka6 33. Rf6 Kb5 34. Rd6 Rgd8 35. R1xd2 Rxd6 36. cxd6 Rd7 37. Ke2 Kc5 38. Ke3 Rxd6 39. Rc2+ Kb5 40. Rc3 c5 41. g4 c4 42. h4 Rg6 43. Kf3 Rf6+ 44. Kg3 Rf4 45. g5 h5 46. Rc1 Kc5 47. Rd1 Rxe4 48. Rd7 Rf4 49. Rxa7 c3 50. Rc7+ Kd4 51. a4 Kd3 52. a5 c2 53. a6 Ra4 54. a7 Rxa7 55. Rxa7 c1Q 56. Rxf7 Qg1+ 57. Kh3 Qg4+ 58. Kh2 Qxh4+ 59. Kg2 Qxg5+ 60. Kh1 e4 61. Rd7+ Ke2 62. Ra7 Qh4+ 0-1

[Event "Muensterland Verbandsklasse 1516"]
[Site "Germany"]
[Date "2016.04.30"]
[Round "8.2"]
[White "Lerke, Bernd"]
[Black "Richters, Alfred"]
[Result "1/2-1/2"]
[WhiteElo "1888"]
[BlackElo "1897"]
[PlyCount "57"]
[EventDate "2015.09.19"]
[EventType "team"]
[EventRounds "9"]
[EventCountry "GER"]
[SourceTitle "EXT 2017"]
[Source "ChessBase"]
[SourceDate "2016.10.25"]
[SourceVersion "1"]
[SourceVersionDate "2016.10.25"]
[SourceQuality "1"]
[WhiteTeam "Nordwalde"]
[BlackTeam "Suedlohn II"]
[WhiteTeamCountry "GER"]
[BlackTeamCountry "GER"]

1. d4 e6 2. e4 d5 3. Nc3 Bb4 4. e5 c5 5. a3 Bxc3+ 6. bxc3 Ne7 7. f4 Nbc6 8. Nf3 Qa5 9. Bd2 cxd4 10. cxd4 Qa4 11. c4 Qxd1+ 12. Rxd1 dxc4 13. Bxc4 Bd7 14. 0-0 Rd8 15. g4 h5 16. h3 Bc8 17. Bc3 Nd5 18. Bxd5 Rxd5 19. Kg2 Ke7 20. Kg3 b6 21. Rc1 Bd7 22. Rf2 hxg4 23. hxg4 f6 24. Rfc2 Rc8 25. exf6+ gxf6 26. g5 Rg8 27. Bb4+ Nxb4 28. axb4 Bb5 29. Rc7+ 1/2-1/2

[Event "Muensterland Verbandsklasse 1516"]
[Site "Germany"]
[Date "2015.11.07"]
[Round "2.2"]
[White "Richters, Alfred"]
[Black "Ratert, Matthias"]
[Result "0-1"]
[WhiteElo "1897"]
[BlackElo "1828"]
[PlyCount "70"]
[EventDate "2015.09.19"]
[EventType "team"]
[EventRounds "9"]
[EventCountry "GER"]
[SourceTitle "EXT 2017"]
[Source "ChessBase"]
[SourceDate "2016.10.25"]
[SourceVersion "1"]
[SourceVersionDate "2016.10.25"]
[SourceQuality "1"]
[WhiteTeam "Suedlohn II"]
[BlackTeam "Rheine Klein Berlin II"]
[WhiteTeamCountry "GER"]
[BlackTeamCountry "GER"]

1. d4 Nf6 2. Nc3 d5 3. Bg5 Nbd7 4. Qd3 c5 5. e3 c4 6. Qd2 b5 7. a3 e6 8. f3 Qa5 9. Rb1 b4 10. axb4 Bxb4 11. Nge2 0-0 12. g3 Ne8 13. e4 f6 14. Be3 dxe4 15. fxe4 Nd6 16. Bg2 Bb7 17. d5 Nc5 18. Bxc5 Qxc5 19. Qd4 Qc7 20. Qd1 exd5 21. exd5 Nf5 22. Qd2 Qc5 23. Be4 Nd6 24. Bf3 Rae8 25. Kf1 Nf5 26. Kg2 Ne3+ 27. Kh3 Bc8+ 28. g4 f5 29. gxf5 Nxf5 30. Bg4 Re3+ 31. Ng3 Nxg3 32. hxg3 Bxg4+ 33. Kxg4 Qc8+ 34. Kh4 Be7+ 35. Kh5 Qf5# 0-1

[Event "Muensterland Verbandsklasse 1415"]
[Site "Germany"]
[Date "2015.02.28"]
[Round "7.3"]
[White "Hoffmann, Fabian"]
[Black "Richters, Alfred"]
[Result "0-1"]
[WhiteElo "1694"]
[BlackElo "1896"]
[PlyCount "98"]
[EventDate "2014.09.13"]
[EventType "team-tourn"]
[EventRounds "9"]
[EventCountry "GER"]
[SourceTitle "EXT 2016"]
[Source "ChessBase"]
[SourceDate "2015.10.08"]
[SourceVersion "1"]
[SourceVersionDate "2015.10.08"]
[SourceQuality "1"]
[WhiteTeam "Raesfeld Erle II"]
[BlackTeam "Suedlohn II"]
[WhiteTeamCountry "GER"]
[BlackTeamCountry "GER"]

1. e4 e6 2. d4 d5 3. e5 c5 4. c3 Qb6 5. a3 Nc6 6. Nf3 f6 7. Bd3 fxe5 8. Nxe5 Nf6 9. 0-0 cxd4 10. cxd4 Bd6 11. Nxc6 bxc6 12. g4 Ba6 13. Bxa6 Qxa6 14. g5 Nd7 15. Qg4 Nf8 16. Nc3 0-0-0 17. Be3 Qd3 18. Rac1 Kd7 19. Bf4 Qf5 20. Qxf5 exf5 21. Bxd6 Kxd6 22. Rfe1 Ne6 23. Rcd1 Nxg5 24. Kg2 Rhe8 25. h4 Ne4 26. Na4 Re6 27. f3 Rg6+ 28. Kh2 Nf6 29. Nc5 Re8 30. Rxe8 Nxe8 31. Re1 Nc7 32. a4 Ne6 33. Nb3 Rh6 34. Kg3 Rg6+ 35. Kf2 f4 36. Rd1 Rh6 37. Rh1 g5 38. h5 Ng7 39. Nc5 Nf5 40. Nb3 Ng3 41. Rc1 Rxh5 42. Kg2 Rh6 43. Re1 Re6 44. Rxe6+ Kxe6 45. Nc5+ Ke7 46. b4 Ne2 47. Nb3 Nc3 48. Nc5 h5 49. Nd3 Ne2 0-1

[Event "Muensterland Verbandsklasse 1314"]
[Site "Germany"]
[Date "2014.02.08"]
[Round "6.2"]
[White "Richters, Alfred"]
[Black "Bueckers, Bernhard"]
[Result "1-0"]
[WhiteElo "1920"]
[BlackElo "1750"]
[PlyCount "51"]
[EventDate "2013.09.21"]
[EventType "team-tourn"]
[EventRounds "9"]
[EventCountry "GER"]
[SourceTitle "EXT 2015"]
[Source "ChessBase"]
[SourceDate "2014.11.20"]
[SourceVersion "1"]
[SourceVersionDate "2014.11.20"]
[SourceQuality "1"]
[WhiteTeam "Suedlohn II"]
[BlackTeam "Metelen"]
[WhiteTeamCountry "GER"]
[BlackTeamCountry "GER"]

1. d4 d5 2. Bf4 Nf6 3. Nf3 e6 4. e3 Bd6 5. Bg3 0-0 6. Bd3 b6 7. Qe2 Bb7 8. Nbd2 c5 9. c3 Nc6 10. Ne5 Qc7 11. f4 Ne7 12. Qf3 Ng6 13. h4 Ne7 14. h5 h6 15. Bf2 Nh7 16. Bh4 f6 17. Ng6 Rfe8 18. 0-0 Nf8 19. Nxf8 Rxf8 20. Qh3 Bc8 21. g4 Bd7 22. Qg2 e5 23. fxe5 fxe5 24. Bxe7 Bxe7 25. Qxd5+ Kh8 26. Qe4 1-0

[Event "Muensterland Verbandsklasse 1314"]
[Site "Germany"]
[Date "2013.12.21"]
[Round "4.3"]
[White "Tenhuendfeld, Bernd"]
[Black "Richters, Alfred"]
[Result "1/2-1/2"]
[WhiteElo "1794"]
[BlackElo "1920"]
[PlyCount "55"]
[EventDate "2013.09.21"]
[EventType "team-tourn"]
[EventRounds "9"]
[EventCountry "GER"]
[SourceTitle "EXT 2015"]
[Source "ChessBase"]
[SourceDate "2014.11.20"]
[SourceVersion "1"]
[SourceVersionDate "2014.11.20"]
[SourceQuality "1"]
[WhiteTeam "Ahaus Wessum II"]
[BlackTeam "Suedlohn II"]
[WhiteTeamCountry "GER"]
[BlackTeamCountry "GER"]

1. d4 e6 2. c4 f5 3. Nf3 Nf6 4. g3 Be7 5. Bg2 0-0 6. 0-0 d6 7. Nc3 Qe8 8. Re1 Ne4 9. Nd2 Nxc3 10. bxc3 e5 11. Qb3 Nc6 12. c5+ Kh8 13. cxd6 cxd6 14. e3 e4 15. Ba3 Qd8 16. Rec1 b6 17. Qd1 Bb7 18. c4 Rb8 19. Nb3 Re8 20. Qh5 g6 21. Qe2 Ba6 22. Qe1 Bf6 23. Rab1 Kg7 24. Bf1 Bc8 25. Qd2 Bb7 26. Be2 Kh8 27. Kg2 Bg7 28. h4 1/2-1/2

[Event "Muensterland Verbandsklasse-B 1213"]
[Site "Germany"]
[Date "2012.11.17"]
[Round "3.2"]
[White "Hofene, Dieter"]
[Black "Richters, Alfred"]
[Result "1-0"]
[WhiteElo "1902"]
[BlackElo "1949"]
[PlyCount "101"]
[EventDate "2012.09.15"]
[EventType "team-tourn"]
[EventRounds "9"]
[EventCountry "GER"]
[SourceTitle "EXT 2015"]
[Source "ChessBase"]
[SourceDate "2014.11.20"]
[SourceVersion "1"]
[SourceVersionDate "2014.11.20"]
[SourceQuality "1"]
[WhiteTeam "Beelen"]
[BlackTeam "Suedlohn II"]
[WhiteTeamCountry "GER"]
[BlackTeamCountry "GER"]

1. e4 e6 2. d4 d5 3. Nc3 Bb4 4. exd5 exd5 5. Bd3 Ne7 6. Qh5 Nbc6 7. a3 Bd6 8. Nf3 Be6 9. Be3 Qd7 10. Ng5 h6 11. Nxe6 Qxe6 12. 0-0-0 0-0-0 13. Nb5 g6 14. Qf3 f5 15. Nxd6+ Qxd6 16. c3 Rdf8 17. h4 f4 18. Bd2 Na5 19. Rhe1 Rf6 20. Re5 Nb3+ 21. Kc2 Nxd2 22. Rxd2 Rd8 23. Rde2 Nc6 24. Qg4+ Qd7 25. Qxd7+ Rxd7 26. Re6 Rd6 27. Re8+ Rd8 28. R2e6 Rxe6 29. Rxe6 Rg8 30. Bxg6 Kd8 31. h5 Ne7 32. Kd2 Rf8 33. Bd3 Ng8 34. Bg6 Nf6 35. Ke2 Kd7 36. Re5 c6 37. Rf5 Ke7 38. Rxf4 Rg8 39. g3 Rg7 40. Rf5 Rg8 41. Re5+ Kd6 42. f3 a5 43. g4 Rg7 44. Bf5 Rf7 45. Re6+ Kc7 46. Bg6 Rf8 47. Re7+ Kb6 48. Kd2 Rd8 49. Rf7 Rd6 50. Bf5 Ka6 51. Bc8 1-0

[Event "Muensterland Verbandsliga 1011"]
[Site "Germany"]
[Date "2011.05.14"]
[Round "9.7"]
[White "Richters, Alfred"]
[Black "Vestrick, Frank"]
[Result "1-0"]
[WhiteElo "1956"]
[BlackElo "1631"]
[PlyCount "55"]
[EventDate "2010.09.25"]
[EventType "team-tourn"]
[EventRounds "9"]
[EventCountry "GER"]
[SourceTitle "EXT 2012"]
[Source "ChessBase"]
[SourceDate "2011.11.24"]
[SourceVersion "1"]
[SourceVersionDate "2011.11.24"]
[SourceQuality "1"]
[WhiteTeam "Suedlohn"]
[BlackTeam "Heiden"]
[WhiteTeamCountry "GER"]
[BlackTeamCountry "GER"]

1. d4 Nf6 2. Nc3 g6 3. e4 d6 4. f4 Bg7 5. Nf3 0-0 6. Bd3 e5 7. dxe5 dxe5 8. Nxe5 Nh5 9. Nf3 Bg4 10. 0-0 Bd4+ 11. Kh1 Qf6 12. e5 Qg7 13. Qe1 Nc6 14. Be4 Bxf3 15. Bxf3 Bc5 16. g4 Nd4 17. Bd1 Nf6 18. exf6 Qxf6 19. Qe5 Qc6+ 20. Qd5 Qa6 21. Qg2 Rfe8 22. Bf3 c6 23. f5 Nxc2 24. Rb1 Ne1 25. Be2 Nd3 26. Bg5 Bd4 27. Rbd1 Bxc3 28. Bxd3 1-0

[Event "Muensterland Verbandsklasse-A 1011"]
[Site "Germany"]
[Date "2011.03.12"]
[Round "8.1"]
[White "Richters, Alfred"]
[Black "Beckmann, Christian"]
[Result "1/2-1/2"]
[WhiteElo "1956"]
[BlackElo "1862"]
[PlyCount "46"]
[EventDate "2010.09.18"]
[EventType "team-tourn"]
[EventRounds "9"]
[EventCountry "GER"]
[SourceTitle "EXT 2012"]
[Source "ChessBase"]
[SourceDate "2011.11.24"]
[SourceVersion "1"]
[SourceVersionDate "2011.11.24"]
[SourceQuality "1"]
[WhiteTeam "Suedlohn II"]
[BlackTeam "Ahaus Wessum II"]
[WhiteTeamCountry "GER"]
[BlackTeamCountry "GER"]

1. d4 Nf6 2. Nc3 g6 3. e4 d6 4. f4 e5 5. dxe5 dxe5 6. Qxd8+ Kxd8 7. fxe5 Ng4 8. Bg5+ Be7 9. Bxe7+ Kxe7 10. Nd5+ Kd8 11. Rd1 Nd7 12. Nf3 c6 13. Nf4 Ke7 14. Nd3 Re8 15. h3 Ne3 16. Rd2 Nc4 17. Rf2 Kf8 18. Ng5 Ncxe5 19. Nxh7+ Kg7 20. Ng5 f6 21. Nf3 f5 22. Re2 Nxd3+ 23. cxd3 Nc5 1/2-1/2

[Event "Muensterland Verbandsklasse-B 0910"]
[Site "Germany"]
[Date "2010.03.20"]
[Round "8.1"]
[White "Richters, Alfred"]
[Black "Lemli, Thomas"]
[Result "1-0"]
[WhiteElo "1946"]
[BlackElo "1997"]
[PlyCount "49"]
[EventDate "2009.09.19"]
[EventType "team-tourn"]
[EventRounds "9"]
[EventCountry "GER"]
[SourceTitle "EXT 2011"]
[Source "ChessBase"]
[SourceDate "2010.11.26"]
[SourceVersion "1"]
[SourceVersionDate "2010.11.26"]
[SourceQuality "1"]
[WhiteTeam "Suedlohn II"]
[BlackTeam "Emsdetten Rochade"]
[WhiteTeamCountry "GER"]
[BlackTeamCountry "GER"]

1. d4 d5 2. Nc3 Bf5 3. Nf3 e6 4. e3 Nf6 5. Ne2 Nbd7 6. Ng3 Bg6 7. Bd3 Bd6 8. Qe2 c6 9. Bd2 Ne4 10. Bxe4 dxe4 11. Ng1 0-0 12. 0-0-0 Qe7 13. f3 exf3 14. gxf3 f6 15. Ne4 Bc7 16. h4 Kh8 17. Qg2 e5 18. Ne2 exd4 19. exd4 Rfe8 20. Rdg1 Rad8 21. h5 Bf5 22. Nf4 Nb6 23. Ng6+ hxg6 24. hxg6+ Kg8 25. Rh8+ 1-0